000 00671nam a2200145Ia 4500
008 171212s9999 xx 000 0 und d
020 _a9780823274192
100 _aDemacopoulos, George E.;Papanikolaou, Aristotle
245 _cDemacopoulos, George E.;Papanikolaou, Aristotle
_aChristianity, Democracy, and the Shadow of Constantine
260 _bFordham University Press
_c2017
440 _aOrthodox Christianity and Contemporary Thought
650 _aChurch history; Constantine I, Emperor of Rome, –337 -- Influence; Christianity and politics; Democracy -- Religious aspects -- Christianity
650 _aReligion
856 _uhttp://jstor.org/stable/j.ctt1gn6b41
999 _c351476
_d351476